000 00577nam a2200181Ia 4500
008 151018s9999 xx 000 0 und d
082 _bRBASDV5395
_a891.463
100 _aग दि माडगुळकर
245 _aथोरली पाती
250 _b1
260 _bललित साहित्य प्रकाशन
_c1963
300 _a304
600 _aग दि माडगुळकर
630 _aथोरली पाती
700 _aग दि माडगुळकर
730 _aथोरली पाती
942 _cBOOK
999 _c1007778
_d1007775